Fußball mit "K" - Statistiken

Allgemein
  • Dieses Quiz wurde 305 mal gespielt
  • Das Durchschnittsergebnis liegt bei 10 aus 15
Antwortstatistiken
Hinweis Antwort % Korrekt
Andere Bezeichnung für den Spielführer Kapitän
96%
Als James Rodríguez bei der WM 2014 Torschützenkönig wurde, spielte er für dieses Land Kolumbien
96%
Der einzige Verein, der als Aufsteiger die Deutsche Meisterschaft gewann 1. FC {Kaiserslautern}
95%
Schneller Gegenangriff nach Balleroberung in der eigenen Hälfte Konter
94%
Dieses Land wird als Co-Gastgeber 2026 zum dritten Mal an einer WM teilnehmen Kanada
91%
Seine bisher erfolgreichste Zeit in der Bundesliga hatte dieser Verein unter Trainer Winfried Schäfer {Karlsruher} SC
85%
Das 1920 gegründete Magazin ist eine der größten deutschen Fußballzeitschriften Kicker
82%
In Gelb und Rot wurden sie zur WM 1970 eingeführt, gelegentlich wird auch die Einführung weiterer Farben diskutiert Karten
77%
Horst Hrubesch galt als "Ungeheuer" in dieser Technik, die gelegentlich an einem Pendel trainiert wird und Gesundheitsrisiken bergen kann Kopfball
73%
Was bedeutet das "Real" in Vereinsnamen wie Real Madrid und Real Sociedad? Königlich
63%
Als Spieler stand der Engländer u. a. beim FC Liverpool und beim Hamburger SV unter Vertrag, später trainierte er Newcastle United und die englische Nationalmannschaft Kevin {Keegan}
50%
Er hält mit 602 Spielen den Rekord für die meisten Einsätze in der 1. Bundesliga Karl-Heinz {Körbel}
42%
Welches ungewöhnliche Wappentier hat der tschechische Traditionsclub Bohemians Prag? Känguru
30%
Viermaliger Schiedsrichter des Jahres, der 1996 das DFB-Pokalfinale und 1998 das Champions-League-Finale leitete Hellmut {Krug}
21%
In den 30er Jahren bildete er zusammen mit seinem Schwager Fritz Szepan den sogenannten "Schalker Kreisel" Ernst {Kuzorra}
20%
Keine übereinstimmenden Quizze gefunden
Verteilung der Resultate
Anzahl Personen mit jedem Resultat
Perzentil nach korrekt beantworteten Fragen
Ihre Resultats-Entwicklung
Sie haben dieses Quiz noch nicht gespielt